Wyoming Alumni - Statistics

General Stats
  • This quiz has been taken 9 times
  • The average score is 5 of 10
Answer Stats
Hint Answer % Correct
Vice President of the United States from 2001 to 2009 Dick Cheney
88%
Quarterback who plays for the Buffalo Bills Josh Allen
88%
Senator from Wyoming since 2021 Cynthia Lummis
63%
Gay student who was tortured and left to die, a legislation against hate crime was named after him Matthew Shepard
50%
Governor of Wyoming from 2011 to 2019 Matt Mead
50%
Senator from Wyoming from 1995 to 2007 Craig L. Thomas
38%
Hall of Fame owner of the Los Angeles Lakers and winner of 10 NBA championships as owner Jerry Buss
38%
Center who plays for the Atlanta Hawks Larry Nance Jr.
38%
Head coach of the Indianapolis Colts from 2012 to 2017 Chuck Pagano
25%
Governor of Wyoming from 2003 to 2011 Dave Freudenthal
25%
No matching quizzes found
Score Distribution
Percent of People with Each Score
Percentile by Number Answered
Your Score History
You have not taken this quiz